000 00662nam a2200205Ii 4500
003 JO-AjNU
008 230605s9999||||xx |||||||||||||| ||und||
017 _a1988/5291
040 _aJO-AjNU
_bara
_erda
_cJO-AjNU
041 _aara
050 1 4 _a PJ7552 .G583 1988
100 3 _aعمارة،السيد أحمد,
_eauthor
_915494
245 0 0 _aشعر خلفاء بني أمية تحقيق ودراسة
264 3 1 _aد.ن
300 _a279ص
336 _atext
_btxt
_2rdacontent
337 _aunmediated
_bn
_2rdamedia
338 _avolume
_bnc
_2rdacarrier
650 4 _a الشعراء العرب-تراجم الشعر العربي-تاريخ ونقد
_915495
999 _aA4390
_c7958
_d7958